000 00428pab a2200157 454500
008 180718b2001 xxu||||| |||| 00| 0 eng d
100 _aBaron, David P.
245 _aElections, governments and Parliaments in proportional representation systems
260 _c2001
300 _ap.933-67
362 _aAug
650 _aElections
700 _aDiermeier, Daniel
773 _aQuarterly Journal of Economics
909 _a49843
999 _c49843
_d49843